|
|
|
|
| LEADER |
02158nam a22003853i 4500 |
| 001 |
EBC4697109 |
| 003 |
MiAaPQ |
| 005 |
20240729202201.0 |
| 006 |
m o d | |
| 007 |
cr cnu|||||||| |
| 008 |
240729s2016 xx o ||||0 eng d |
| 020 |
|
|
|a 9789176856864
|q (electronic bk.)
|
| 035 |
|
|
|a (MiAaPQ)EBC4697109
|
| 035 |
|
|
|a (Au-PeEL)EBL4697109
|
| 035 |
|
|
|a (CaPaEBR)ebr11271350
|
| 035 |
|
|
|a (OCoLC)959846278
|
| 040 |
|
|
|a MiAaPQ
|b eng
|e rda
|e pn
|c MiAaPQ
|d MiAaPQ
|
| 100 |
1 |
|
|a Forsblad (Kristiansson), Mattias.
|
| 245 |
1 |
0 |
|a Distributed Cognition in Home Environments :
|b The Prospective Memory and Cognitive Practices of Older Adults.
|
| 250 |
|
|
|a 1st ed.
|
| 264 |
|
1 |
|a Linköping :
|b Linkopings Universitet,
|c 2016.
|
| 264 |
|
4 |
|c {copy}2016.
|
| 300 |
|
|
|a 1 online resource (211 pages)
|
| 336 |
|
|
|a text
|b txt
|2 rdacontent
|
| 337 |
|
|
|a computer
|b c
|2 rdamedia
|
| 338 |
|
|
|a online resource
|b cr
|2 rdacarrier
|
| 490 |
1 |
|
|a Linköping Studies in Arts and Sciences Series ;
|v v.695
|
| 505 |
0 |
|
|a Intro -- Abstract -- Acknowledgements -- Contents -- Chapter 1. Introduction -- Chapter 2. Prospective memory and cognitive aging -- Chapter 3. Distributed cognition -- Chapter 4. Methods -- Chapter 5. Cognitive resources -- Chapter 6. Arrangements of cognitive resources -- Chapter 7. Procedures and routines for managing cognitive tasks -- Chapter 8. Prospective memory in real life -- Chapter 9. Distributed cognition in home environments -- Chapter 10. Concluding remarks -- References.
|
| 588 |
|
|
|a Description based on publisher supplied metadata and other sources.
|
| 590 |
|
|
|a Electronic reproduction. Ann Arbor, Michigan : ProQuest Ebook Central, 2024. Available via World Wide Web. Access may be limited to ProQuest Ebook Central affiliated libraries.
|
| 655 |
|
4 |
|a Electronic books.
|
| 776 |
0 |
8 |
|i Print version:
|a Forsblad (Kristiansson), Mattias
|t Distributed Cognition in Home Environments
|d Linköping : Linkopings Universitet,c2016
|
| 797 |
2 |
|
|a ProQuest (Firm)
|
| 830 |
|
0 |
|a Linköping Studies in Arts and Sciences Series
|
| 856 |
4 |
0 |
|u https://ebookcentral.proquest.com/lib/matrademy/detail.action?docID=4697109
|z Click to View
|